Представление документа в формате MARC21

Поле Инд. ПП Название Значение
Тип записи a
Библиографический уровень m
001 Контрольный номер RU/IS/BASE/300814058
005 Дата корректировки 20220805121050.3
040 b Код языка каталог. rus
041 0_ a Код языка текста rus
080 a Индекс УДК 004.42
084 a Индекс другой классификации/Индекс ББК 32.973.26-018.2
090 a Полочн. индекс 681.3
c Каталожный индекс 681.3.06
x Авторский знак К36
097 b Оператор 11
100 1_ a Автор Керниган Б. В.
245 10 a Заглавие Элементы стиля программирования
c Ответственность пер. с англ. В. А. Волынского ; под ред. Б. А. Кузьмина
260 a Место издания М.
b Издательство Радио и связь
c Дата издания 1984
300 a Объем 158 с.
510 a Примечание о ссылках Книги и методические пособия
650 a Основная рубрика 50.05 Теоретические основы программирования
x Основная подрубрика 50.05.03 Общетеоретические вопросы программирования
653 a Ключевые слова программирование; цифровые вычислительные машины
700 1_ a Другие авторы Плоджер Ф. Д.
901 t Тип документа m